| 000 | 01316cam a2200277 a 4500 | ||
|---|---|---|---|
| 999 |
_c328702 _d328702 |
||
| 001 | 12800037 | ||
| 003 | Nust | ||
| 005 | 20170413170632.0 | ||
| 008 | 020603s2004 maua b 001 0 eng | ||
| 010 | _a 2002075341 | ||
| 020 | _a0072440007 (acidfree paper) | ||
| 040 |
_aDLC _cDLC _dDLC |
||
| 050 | 0 | 0 |
_aGE105 _b.E54 2004 |
| 082 | 0 | 0 |
_a363.7 ENG _221 |
| 100 | 1 | _aEnger, Eldon D. | |
| 245 | 1 | 0 |
_aEnvironmental science : _ba study of interrelationships. |
| 250 |
_a9th ed. / _bEldon D. Enger, Bradley F. Smith. |
||
| 260 |
_aBoston : _bMcGraw-Hill Higher Education, _cc2004. |
||
| 300 |
_a477+ (various pagings) : _bcol. ill. ; _c29 cm. |
||
| 500 | _aP.B | ||
| 504 | _aIncludes bibliographical references (p. C-3) and index. | ||
| 650 | 0 | _aEnvironmental sciences. | |
| 700 | 1 | _aSmith, Bradley Fraser. | |
| 856 | 4 | 1 |
_3Table of contents only _uhttp://www.loc.gov/catdir/toc/fy037/2002075341.html |
| 856 | 4 | 2 |
_3Publisher description _uhttp://www.loc.gov/catdir/enhancements/fy0643/2002075341-d.html |
| 906 |
_a7 _bcbc _corignew _d1 _eocip _f20 _gy-gencatlg |
||
| 942 |
_2ddc _cBK _k363.7 ENG |
||